<?xml version="1.0" encoding="UTF-8"?>
<collection xmlns="http://www.loc.gov/MARC21/slim">
 <record>
  <leader>03494nam a22003617a 4500</leader>
  <controlfield tag="001">NCT_78143</controlfield>
  <controlfield tag="008">200417b        xxu||||| |||| 00| 0 vie d</controlfield>
  <datafield tag="999" ind1=" " ind2=" ">
   <subfield code="c">3810</subfield>
   <subfield code="d">3810</subfield>
  </datafield>
  <datafield tag="020" ind1=" " ind2=" ">
   <subfield code="a">9786047370092</subfield>
   <subfield code="c">80000</subfield>
  </datafield>
  <datafield tag="082" ind1="0" ind2="4">
   <subfield code="2">23rd ed.</subfield>
   <subfield code="a">341.24224</subfield>
   <subfield code="b">B302</subfield>
  </datafield>
  <datafield tag="100" ind1="1" ind2=" ">
   <subfield code="a">Dư Ngọc Bích</subfield>
  </datafield>
  <datafield tag="245" ind1="1" ind2="0">
   <subfield code="a">Quyền tài phán và công nhận thi hành bản án dân sự, thương mại của tòa án trong liên minh châu Âu:</subfield>
   <subfield code="b">Những tác động đối với công dân, pháp nhân Việt Nam (sách chuyên khảo)</subfield>
   <subfield code="c">Dư Ngọc Bích</subfield>
  </datafield>
  <datafield tag="250" ind1=" " ind2=" ">
   <subfield code="a">Tái bản lần thứ nhất</subfield>
  </datafield>
  <datafield tag="260" ind1=" " ind2=" ">
   <subfield code="a">Tp. Hồ Chí Minh</subfield>
   <subfield code="b">Đại học quốc gia Tp. Hồ Chí Minh</subfield>
   <subfield code="c">2019</subfield>
  </datafield>
  <datafield tag="300" ind1=" " ind2=" ">
   <subfield code="a">171 tr.</subfield>
   <subfield code="c">21cm</subfield>
  </datafield>
  <datafield tag="500" ind1=" " ind2=" ">
   <subfield code="a">ĐTTS ghi: Trường Đại học Mở Thành phố Hồ Chí Minh</subfield>
  </datafield>
  <datafield tag="520" ind1="3" ind2=" ">
   <subfield code="a">Cuốn sách gồm ba nội dung chính: Quá trình hình thành điều ước điều chỉnh vấn đề quyền tài phán và công nhận, thi hành bản án của tòa án các nước thành viên EU; quyền tài phán và công nhận, thi hành bản án của tòa án trong lĩnh vực dân sự, thương mại trong liên minh châu Âu; những tác động đối với công dân, pháp nhân Việt Nam.</subfield>
  </datafield>
  <datafield tag="653" ind1=" " ind2=" ">
   <subfield code="a">Luật học</subfield>
  </datafield>
  <datafield tag="942" ind1=" " ind2=" ">
   <subfield code="2">ddc</subfield>
   <subfield code="c">BK</subfield>
  </datafield>
  <datafield tag="952" ind1=" " ind2=" ">
   <subfield code="0">0</subfield>
   <subfield code="1">0</subfield>
   <subfield code="2">ddc</subfield>
   <subfield code="4">0</subfield>
   <subfield code="6">341_242240000000000_B302</subfield>
   <subfield code="7">0</subfield>
   <subfield code="9">19359</subfield>
   <subfield code="a">000001</subfield>
   <subfield code="b">000001</subfield>
   <subfield code="d">2020-04-17</subfield>
   <subfield code="o">341.24224 B302</subfield>
   <subfield code="p">MD.17063</subfield>
   <subfield code="r">2020-04-17</subfield>
   <subfield code="v">80000.00</subfield>
   <subfield code="w">2020-04-17</subfield>
   <subfield code="y">BK</subfield>
  </datafield>
  <datafield tag="952" ind1=" " ind2=" ">
   <subfield code="0">0</subfield>
   <subfield code="1">0</subfield>
   <subfield code="2">ddc</subfield>
   <subfield code="4">0</subfield>
   <subfield code="6">341_242240000000000_B302</subfield>
   <subfield code="7">0</subfield>
   <subfield code="9">19360</subfield>
   <subfield code="a">000001</subfield>
   <subfield code="b">000001</subfield>
   <subfield code="d">2020-04-17</subfield>
   <subfield code="o">341.24224 B302</subfield>
   <subfield code="p">MD.17064</subfield>
   <subfield code="r">2020-04-17</subfield>
   <subfield code="v">80000.00</subfield>
   <subfield code="w">2020-04-17</subfield>
   <subfield code="y">BK</subfield>
  </datafield>
  <datafield tag="952" ind1=" " ind2=" ">
   <subfield code="0">0</subfield>
   <subfield code="1">0</subfield>
   <subfield code="2">ddc</subfield>
   <subfield code="4">0</subfield>
   <subfield code="6">341_242240000000000_B302</subfield>
   <subfield code="7">0</subfield>
   <subfield code="9">19361</subfield>
   <subfield code="a">000001</subfield>
   <subfield code="b">000001</subfield>
   <subfield code="d">2020-04-17</subfield>
   <subfield code="o">341.24224 B302</subfield>
   <subfield code="p">MD.17065</subfield>
   <subfield code="r">2020-04-17</subfield>
   <subfield code="v">80000.00</subfield>
   <subfield code="w">2020-04-17</subfield>
   <subfield code="y">BK</subfield>
  </datafield>
  <datafield tag="952" ind1=" " ind2=" ">
   <subfield code="0">0</subfield>
   <subfield code="1">0</subfield>
   <subfield code="2">ddc</subfield>
   <subfield code="4">0</subfield>
   <subfield code="6">341_242240000000000_B302</subfield>
   <subfield code="7">0</subfield>
   <subfield code="9">19362</subfield>
   <subfield code="a">000001</subfield>
   <subfield code="b">000001</subfield>
   <subfield code="d">2020-04-17</subfield>
   <subfield code="o">341.24224 B302</subfield>
   <subfield code="p">MD.17066</subfield>
   <subfield code="r">2020-04-17</subfield>
   <subfield code="v">80000.00</subfield>
   <subfield code="w">2020-04-17</subfield>
   <subfield code="y">BK</subfield>
  </datafield>
  <datafield tag="952" ind1=" " ind2=" ">
   <subfield code="0">0</subfield>
   <subfield code="1">0</subfield>
   <subfield code="2">ddc</subfield>
   <subfield code="4">0</subfield>
   <subfield code="6">341_242240000000000_B302</subfield>
   <subfield code="7">0</subfield>
   <subfield code="9">19363</subfield>
   <subfield code="a">000001</subfield>
   <subfield code="b">000001</subfield>
   <subfield code="d">2020-04-17</subfield>
   <subfield code="o">341.24224 B302</subfield>
   <subfield code="p">MD.17067</subfield>
   <subfield code="r">2020-04-17</subfield>
   <subfield code="v">80000.00</subfield>
   <subfield code="w">2020-04-17</subfield>
   <subfield code="y">BK</subfield>
  </datafield>
  <datafield tag="952" ind1=" " ind2=" ">
   <subfield code="0">0</subfield>
   <subfield code="1">0</subfield>
   <subfield code="2">ddc</subfield>
   <subfield code="4">0</subfield>
   <subfield code="6">341_242240000000000_B302</subfield>
   <subfield code="7">0</subfield>
   <subfield code="9">19364</subfield>
   <subfield code="a">000001</subfield>
   <subfield code="b">000001</subfield>
   <subfield code="d">2020-04-17</subfield>
   <subfield code="o">341.24224 B302</subfield>
   <subfield code="p">MD.17068</subfield>
   <subfield code="r">2020-04-17</subfield>
   <subfield code="v">80000.00</subfield>
   <subfield code="w">2020-04-17</subfield>
   <subfield code="y">BK</subfield>
  </datafield>
  <datafield tag="952" ind1=" " ind2=" ">
   <subfield code="0">0</subfield>
   <subfield code="1">0</subfield>
   <subfield code="2">ddc</subfield>
   <subfield code="4">0</subfield>
   <subfield code="6">341_242240000000000_B302</subfield>
   <subfield code="7">0</subfield>
   <subfield code="9">19365</subfield>
   <subfield code="a">000001</subfield>
   <subfield code="b">000001</subfield>
   <subfield code="d">2020-04-17</subfield>
   <subfield code="o">341.24224 B302</subfield>
   <subfield code="p">MD.17069</subfield>
   <subfield code="r">2020-04-17</subfield>
   <subfield code="v">80000.00</subfield>
   <subfield code="w">2020-04-17</subfield>
   <subfield code="y">BK</subfield>
  </datafield>
  <datafield tag="952" ind1=" " ind2=" ">
   <subfield code="0">0</subfield>
   <subfield code="1">0</subfield>
   <subfield code="2">ddc</subfield>
   <subfield code="4">0</subfield>
   <subfield code="6">341_242240000000000_B302</subfield>
   <subfield code="7">0</subfield>
   <subfield code="9">19366</subfield>
   <subfield code="a">000001</subfield>
   <subfield code="b">000001</subfield>
   <subfield code="d">2020-04-17</subfield>
   <subfield code="o">341.24224 B302</subfield>
   <subfield code="p">MD.17070</subfield>
   <subfield code="r">2020-04-17</subfield>
   <subfield code="v">80000.00</subfield>
   <subfield code="w">2020-04-17</subfield>
   <subfield code="y">BK</subfield>
  </datafield>
  <datafield tag="952" ind1=" " ind2=" ">
   <subfield code="0">0</subfield>
   <subfield code="1">0</subfield>
   <subfield code="2">ddc</subfield>
   <subfield code="4">0</subfield>
   <subfield code="6">341_242240000000000_B302</subfield>
   <subfield code="7">0</subfield>
   <subfield code="9">19367</subfield>
   <subfield code="a">000001</subfield>
   <subfield code="b">000001</subfield>
   <subfield code="d">2020-04-17</subfield>
   <subfield code="o">341.24224 B302</subfield>
   <subfield code="p">MD.17071</subfield>
   <subfield code="r">2020-04-17</subfield>
   <subfield code="v">80000.00</subfield>
   <subfield code="w">2020-04-17</subfield>
   <subfield code="y">BK</subfield>
  </datafield>
  <datafield tag="952" ind1=" " ind2=" ">
   <subfield code="0">0</subfield>
   <subfield code="1">0</subfield>
   <subfield code="2">ddc</subfield>
   <subfield code="4">0</subfield>
   <subfield code="6">341_242240000000000_B302</subfield>
   <subfield code="7">0</subfield>
   <subfield code="9">19368</subfield>
   <subfield code="a">000001</subfield>
   <subfield code="b">000001</subfield>
   <subfield code="d">2020-04-17</subfield>
   <subfield code="o">341.24224 B302</subfield>
   <subfield code="p">MD.17072</subfield>
   <subfield code="r">2020-04-17</subfield>
   <subfield code="v">80000.00</subfield>
   <subfield code="w">2020-04-17</subfield>
   <subfield code="y">BK</subfield>
  </datafield>
  <datafield tag="952" ind1=" " ind2=" ">
   <subfield code="0">0</subfield>
   <subfield code="1">0</subfield>
   <subfield code="2">ddc</subfield>
   <subfield code="4">0</subfield>
   <subfield code="6">341_242240000000000_B302</subfield>
   <subfield code="7">0</subfield>
   <subfield code="9">19817</subfield>
   <subfield code="a">000001</subfield>
   <subfield code="b">000001</subfield>
   <subfield code="d">2020-06-13</subfield>
   <subfield code="o">341.24224 B302</subfield>
   <subfield code="p">MD.17303</subfield>
   <subfield code="r">2020-06-13</subfield>
   <subfield code="v">80000.00</subfield>
   <subfield code="w">2020-06-13</subfield>
   <subfield code="y">BK</subfield>
  </datafield>
  <datafield tag="952" ind1=" " ind2=" ">
   <subfield code="0">0</subfield>
   <subfield code="1">0</subfield>
   <subfield code="2">ddc</subfield>
   <subfield code="4">0</subfield>
   <subfield code="6">341_242240000000000_B302</subfield>
   <subfield code="7">0</subfield>
   <subfield code="9">19818</subfield>
   <subfield code="a">000001</subfield>
   <subfield code="b">000001</subfield>
   <subfield code="d">2020-06-13</subfield>
   <subfield code="o">341.24224 B302</subfield>
   <subfield code="p">MD.17304</subfield>
   <subfield code="r">2020-06-13</subfield>
   <subfield code="v">80000.00</subfield>
   <subfield code="w">2020-06-13</subfield>
   <subfield code="y">BK</subfield>
  </datafield>
  <datafield tag="952" ind1=" " ind2=" ">
   <subfield code="0">0</subfield>
   <subfield code="1">0</subfield>
   <subfield code="2">ddc</subfield>
   <subfield code="4">0</subfield>
   <subfield code="6">341_242240000000000_B302</subfield>
   <subfield code="7">0</subfield>
   <subfield code="9">19819</subfield>
   <subfield code="a">000001</subfield>
   <subfield code="b">000001</subfield>
   <subfield code="d">2020-06-13</subfield>
   <subfield code="o">341.24224 B302</subfield>
   <subfield code="p">MD.17305</subfield>
   <subfield code="r">2020-06-13</subfield>
   <subfield code="v">80000.00</subfield>
   <subfield code="w">2020-06-13</subfield>
   <subfield code="y">BK</subfield>
  </datafield>
  <datafield tag="980" ind1=" " ind2=" ">
   <subfield code="a">Thư viện Trường Đại học Nam Cần Thơ</subfield>
  </datafield>
 </record>
</collection>
